Heisman Winners 2010-Present - Statistics

General Stats
  • This quiz has been taken 198 times
    43 since last reset
  • The average score is 14 of 15
Answer Stats
School Position Year Answer % Correct
Oklahoma QB 2017 Baker Mayfield
100%
USC QB 2022 Caleb Williams
100%
LSU QB 2019 Joe Burrow
100%
Colorado WR/CB 2024 Travis Hunter
100%
Auburn QB 2010 Cam Newton
97%
LSU QB 2023 Jayden Daniels
97%
Texas A&M QB 2012 Johnny Manziel
97%
Louisville QB 2016 Lamar Jackson
97%
Alabama QB 2021 Bryce Young
93%
Alabama RB 2015 Derrick Henry
93%
Oklahoma QB 2018 Kyler Murray
93%
Oregon QB 2014 Marcus Mariota
93%
Baylor QB 2011 Robert Griffin III
93%
Florida State QB 2013 Jameis Winston
90%
Alabama WR 2020 DeVonta Smith
86%
No matching quizzes found
Score Distribution
Percent of People with Each Score
Percentile by Number Answered
Your Score History
You have not taken this quiz since the last reset